[Event "KB Czech Open"]
[Site "Pardubice CZE"]
[Date "2000.07.26"]
[Round "6"]
[White "Gagarin,V"]
[Black "Hanko,P"]
[Result "1/2-1/2"]
[WhiteElo "2395"]
[BlackElo "2195"]

1.d4 Nf6 2.c4 g6 3.Nc3 Bg7 4.e4 d6 5.Nf3 O-O 6.Be2 e5 7.O-O Nbd7 8.Be3 Ng4
9.Bg5 f6 10.Bc1 Nh6 11.Rb1 Nf7 12.dxe5 dxe5 13.b4 c6 14.c5 Re8 15.Qb3 Qc7
16.Bc4 Nf8 17.Bb2 Be6 18.Rbd1 Bxc4 19.Qxc4 Rad8 20.Qb3 Rxd1 21.Rxd1 Rd8 22.Kf1 Rxd1+
23.Qxd1 Qd7 24.Qxd7 Nxd7 25.Ke2 Nd8 26.Kd3 Ne6 27.g3 Kf7 28.Kc4 a5 29.a3 axb4
30.axb4 b6 31.cxb6 Nxb6+ 32.Kd3 Bf8 33.Ba3 Nc7 34.Nd2 Nb5 35.Nxb5 cxb5 36.Kc3 Bh6
37.Nb3 f5 38.f3 Nc4 39.Bc1 Bxc1 40.Nxc1 fxe4 41.fxe4 Kf6 42.Kd3 Kg5 43.h3 h5
44.Ne2 h4  1/2-1/2

[Event "KB Czech Open"]
[Site "Pardubice CZE"]
[Date "2000.07.26"]
[Round "6"]
[White "Tolstikh,N"]
[Black "Dochev,D"]
[Result "1/2-1/2"]
[WhiteElo "2417"]
[BlackElo "2335"]

1.Nf3 Nf6 2.c4 d6 3.d4 g6 4.Nc3 Bg7 5.e4 O-O 6.Be2 e5 7.dxe5 dxe5 8.Qxd8 Rxd8
9.Bg5 Re8 10.Nd5 Nxd5 11.cxd5 c6 12.Bc4 b5 13.Bb3 Bb7 14.Rc1 a5 15.a3 a4
16.Ba2 Rc8 17.Be3 Na6 18.dxc6 Bxc6 19.O-O b4 20.axb4 Nxb4 21.Bc4 Bxe4 22.Bxf7+ Kxf7
23.Ng5+ Kg8 24.Nxe4 Nd3 25.Rxc8+ Rxc8 26.Ra1 Nxb2 27.Ra2 Rb8 28.g3 Bf8 29.Nf6+ Kf7
30.Nd7 Rb5 31.Nxf8 Kxf8 32.Bc1 Nd3  1/2-1/2

[Event "MTO Open"]
[Site "Biel SUI"]
[Date "2000.07.27"]
[Round "4"]
[White "Huzman,A"]
[Black "Saravanan,V"]
[Result "1-0"]
[WhiteElo "2574"]
[BlackElo "2412"]

1.d4 Nf6 2.c4 g6 3.Nc3 Bg7 4.e4 d6 5.Nf3 O-O 6.Be2 e5 7.Be3 Ng4 8.Bg5 f6
9.Bh4 Nc6 10.d5 Ne7 11.Nd2 h5 12.h3 Nh6 13.g4 hxg4 14.hxg4 Nf7 15.Qc2 c5
16.O-O-O Bd7 17.Rdf1 Nc8 18.Bg3 Bh6 19.f4 Bxf4 20.Bxf4 exf4 21.Rxf4 Kg7 22.Rhf1 Ne5
23.g5 f5 24.exf5 Bxf5 25.Nce4 Nb6 26.Qc3 Qe7 27.Ng3 Qxg5 28.Nxf5+ Rxf5 29.Ne4 Qxf4+
30.Rxf4 Rxf4 31.Nxd6 Nd7 32.Nxb7 Kf6 33.Qe3 g5 34.Nxc5 Nxc5 35.Qxc5 Rh8 36.Qd6+ Kf5
37.Qe6+ Ke4 38.d6 Rh2 39.Qd5+ Kf5 40.Bd3+ Kf6 41.d7  1-0

[Event "MTO Open"]
[Site "Biel SUI"]
[Date "2000.07.27"]
[Round "4"]
[White "Leutwyler,M"]
[Black "Suter,S"]
[Result "1/2-1/2"]
[WhiteElo "2154"]
[BlackElo "2077"]

1.d4 Nf6 2.Nf3 g6 3.c4 Bg7 4.Nc3 O-O 5.e4 d6 6.Be2 e5 7.d5 c5 8.Bg5 h6 9.Bh4 g5
10.Bg3 Nh5 11.Nd2 Nf4 12.O-O f5 13.exf5 Nxe2+ 14.Qxe2 Bxf5 15.Nde4 Qe7 16.a3 Nd7
17.b4 b6 18.f3 Nf6 19.Nxf6+ Qxf6 20.Ne4 Qg6 21.Rab1 Rf7 22.bxc5 bxc5 23.Rb3 g4
24.Rfb1 Raf8 25.Rb8 h5 26.Rxf8+ Bxf8 27.Kh1  1/2-1/2

[Event "4th Open"]
[Site "Korinthos GRE"]
[Date "2000.07.28"]
[Round "4"]
[White "Volkov,S"]
[Black "Kotronias,V"]
[Result "0-1"]
[WhiteElo "2554"]
[BlackElo "2539"]

1.d4 Nf6 2.c4 g6 3.Nc3 Bg7 4.e4 d6 5.Be2 O-O 6.Nf3 e5 7.Be3 c6 8.d5 Ng4 9.Bg5 f6
10.Bh4 Na6 11.c5 dxc5 12.Bxa6 bxa6 13.dxc6 Be6 14.Qa4 Rc8 15.Nd5 Qe8 16.Rc1 g5
17.Bg3 f5 18.Nxg5 f4 19.Nxe6 Qxe6 20.Bh4 Qh6 21.Be7 f3 22.Qc4 fxg2 23.Rg1 Rxf2
24.Nf4+ Kh8 25.Qe6 Rxf4 26.Qxc8+ Rf8  0-1

[Event "15th Open"]
[Site "Avoine FRA"]
[Date "2000.07.29"]
[Round "8"]
[White "Demarchi,O"]
[Black "Amiri,M"]
[Result "1-0"]
[WhiteElo "2165"]
[BlackElo "2130"]

1.d4 d6 2.c4 Nd7 3.Nc3 g6 4.e4 e5 5.Nf3 Bg7 6.Be2 Ngf6 7.O-O O-O 8.Be3 b6
9.Qc2 Nh5 10.Rfd1 exd4 11.Nxd4 Bb7 12.Bxh5 gxh5 13.Nf5 Nc5 14.Qe2 Ne6 15.Nd5 Re8
16.Qxh5 Bxd5 17.cxd5 Nf8 18.Bg5 f6 19.Bh6 Bxh6 20.Qxh6 Re7 21.Qxf6 h5 22.Nxe7+  1-0

[Event "World Open"]
[Site "Philadelphia USA"]
[Date "2000.07.30"]
[Round "3"]
[White "Dougherty,M"]
[Black "Weeramantry,S"]
[Result "1-0"]
[WhiteElo "2251"]
[BlackElo "2239"]

1.e4 d6 2.d4 g6 3.c4 Bg7 4.Nc3 Nf6 5.Be2 O-O 6.Nf3 e5 7.d5 a5 8.Bg5 h6 9.Bh4 Na6
10.Nd2 Bd7 11.O-O Qe8 12.h3 Nh7 13.a3 h5 14.f3 Bh6 15.Bf2 Qe7 16.Rb1 Qg5
17.f4 exf4 18.Nf3 Qe7 19.b4 axb4 20.axb4 g5 21.Bd3 Bg7 22.Qc2 Be5 23.c5 Rfb8
24.c6 Bc8 25.Nb5 bxc6 26.dxc6 Nf8 27.Nc3 Ng6 28.Bxa6 Bxa6 29.b5 Bxc3 30.bxa6 Bb4
31.a7  1-0

[Event "MTO Open"]
[Site "Biel SUI"]
[Date "2000.08.01"]
[Round "8"]
[White "Huzman,A"]
[Black "Balcerak,J"]
[Result "1-0"]
[WhiteElo "2574"]
[BlackElo "2413"]

1.d4 Nf6 2.c4 g6 3.Nc3 Bg7 4.e4 d6 5.Nf3 O-O 6.Be2 e5 7.Be3 exd4 8.Nxd4 Re8
9.f3 c6 10.Bf2 d5 11.exd5 cxd5 12.O-O Nc6 13.c5 Nh5 14.Qd2 Be5 15.g3 Ng7
16.Rfd1 Ne6 17.Nxe6 Bxe6 18.f4 Bxc3 19.Qxc3 Bf5 20.Bc4 Be4 21.b4 a6 22.a4 Qd7
23.Rd2 Qf5 24.Be2 Rad8 25.b5 d4 26.Bxd4 Nxd4 27.Rxd4 Rd5 28.Rc1 axb5 29.axb5 h5
30.Rxd5 Qxd5 31.Bf1 h4 32.g4 Qe6 33.h3 Bd5 34.Qd4 Bf3 35.Kf2 Bd5 36.Bd3 Ra8
37.f5 Ra2+ 38.Rc2 gxf5 39.gxf5 Rxc2+ 40.Bxc2  1-0

[Event "MTO Open"]
[Site "Biel SUI"]
[Date "2000.08.01"]
[Round "8"]
[White "Cherniaev,A"]
[Black "Cvitan,O"]
[Result "1/2-1/2"]
[WhiteElo "2454"]
[BlackElo "2541"]

1.d4 Nf6 2.Nf3 g6 3.c4 Bg7 4.Nc3 O-O 5.e4 d6 6.Be2 e5 7.d5 a5 8.Bg5 h6 9.Bh4 Na6
10.Nd2 Qe8 11.O-O Bd7 12.a3 Nh7 13.Kh1 h5 14.f3 Bh6 15.b3 Be3  1/2-1/2

[Event "MTO Open"]
[Site "Biel SUI"]
[Date "2000.08.02"]
[Round "9"]
[White "Huss,A"]
[Black "Jenni,F"]
[Result "0-1"]
[WhiteElo "2346"]
[BlackElo "2440"]

1.d4 Nf6 2.Nf3 g6 3.c4 Bg7 4.Nc3 O-O 5.e4 d6 6.Be2 e5 7.d5 a5 8.h4 h5 9.Ng5 c6
10.Be3 Na6 11.f3 Nc5 12.g3 cxd5 13.cxd5 Qb6 14.Bb5 Ne8 15.Qe2 Nc7 16.Bc4 a4
17.a3 Qa5 18.O-O Bd7 19.Rac1 Rac8 20.Qd2 N7a6 21.Kh2 b5 22.Ba2 Nb3 23.Bxb3 axb3
24.Qd1 b4 25.axb4 Qxb4 26.Ra1 Bb5 27.Nxb5 Qxb5 28.Rf2 Rc4 29.Ra3 Rb8 30.Qa1 Nc5
31.Ra8 Ra4 32.Rxb8+ Qxb8 33.Qd1 Rc4 34.Bxc5 Rxc5 35.Qd3 Qb5 36.Qd1 Bh6 37.Kg2 Qa4
38.Qd3 Rc2 39.f4 Qd4 40.Qxd4 exd4 41.Nf3 d3 42.Nd2 Rxb2 43.Kf3 Bg7 44.Ke3 Kf8
45.Kxd3 Rc2 46.Rf3 Rc3+ 47.Ke2 b2 48.Rxc3 Bxc3 49.Nb1 Bd4 50.f5 Ke7 51.fxg6 fxg6
52.Kf3 Kf6 53.Kf4 Bf2 54.Kf3 Be1 55.Kf4 Bb4 56.g4 hxg4 57.Kxg4 Ke5 58.Kg5 Kxe4
59.Kxg6 Kd3 60.h5 Kc2  0-1

[Event "HZ Open"]
[Site "Vlissingen NED"]
[Date "2000.08.02"]
[Round "6"]
[White "Janssen,R"]
[Black "Haak,E"]
[Result "1-0"]
[WhiteElo "2414"]
[BlackElo "2194"]

1.d4 Nf6 2.Nf3 g6 3.c4 Bg7 4.Nc3 O-O 5.e4 d6 6.Be2 e5 7.O-O exd4 8.Nxd4 Re8
9.f3 Nbd7 10.Be3 c6 11.Nb3 Ne5 12.Rf2 Be6 13.Qf1 Qe7 14.Rd1 Rec8 15.g4 b6
16.h3 d5 17.cxd5 cxd5 18.f4 Nc4 19.Bxc4 dxc4 20.Nd4 Bd7 21.e5 Ne8 22.Nd5 Qh4
23.Nf3 Qg3+ 24.Rg2 Qxh3 25.Ng5  1-0

[Event "MTO Open"]
[Site "Biel SUI"]
[Date "2000.08.03"]
[Round "10"]
[White "Yates Doerr,R"]
[Black "Lappage,J"]
[Result "1-0"]
[WhiteElo "2250"]
[BlackElo "2114"]

1.Nf3 Nf6 2.c4 g6 3.Nc3 Bg7 4.e4 d6 5.d4 O-O 6.Be2 e5 7.dxe5 dxe5 8.Qxd8 Rxd8
9.Bg5 c6 10.Nxe5 Re8 11.O-O-O Na6 12.f4 h6 13.Bh4 g5 14.Bf2 gxf4 15.Nf3 Ng4
16.Bd4 Bxd4 17.Rxd4 Nc5 18.Nd2 Ne5 19.Kc2 a5 20.Rd6 Be6 21.Rf1 Rad8 22.Rxd8 Rxd8
23.Nb3 Nxb3 24.axb3 c5 25.Nd5 Nc6 26.Kc3 Nd4 27.Nxf4 b5 28.cxb5 Bxb3 29.Bc4 a4
30.b6 Kg7 31.Nd5 f5 32.Bxb3 axb3 33.Kc4 fxe4 34.Re1 Re8 35.Kxc5 Nc2 36.Re2 e3
37.b7 Rb8 38.Kb6 Nd4 39.Rxe3  1-0

[Event "Proclient Cup"]
[Site "Olomouc CZE"]
[Date "2000.08.03"]
[Round "3"]
[White "Held,M"]
[Black "Klima,L"]
[Result "0-1"]
[WhiteElo "2183"]
[BlackElo "2276"]

1.Nf3 Nf6 2.c4 g6 3.Nc3 Bg7 4.d4 O-O 5.e4 d6 6.Be2 Nbd7 7.O-O e5 8.Re1 c6
9.Bf1 Qc7 10.d5 c5 11.Rb1 a6 12.a3 Rb8 13.b4 cxb4 14.axb4 b5 15.Qb3 bxc4
16.Qxc4 Qd8 17.Ba3 Nb6 18.Qa2 Nh5 19.Bc1 Nf4 20.Bxa6 Ra8 21.b5 Bg4 22.Bxf4 exf4
23.Na4 Bxf3 24.gxf3 Nd7 25.Bb7 Rxa4 26.Qxa4 Nc5 27.Qa7 Qg5+ 28.Kf1 Qh5 29.Kg2 Bd4
30.Red1 Bxf2 31.Qa2 Be3 32.Bc6 g5 33.b6 g4 34.b7 gxf3+ 35.Kf1 Qh3+ 36.Ke1 f2+
37.Ke2 Qg4+ 38.Kf1 Qg1+ 39.Ke2 f1=Q+ 40.Rxf1 Qg2+ 41.Ke1 Qxa2 42.b8=Q Qd2+  0-1

[Event "ch-GBR"]
[Site "Millfield ENG"]
[Date "2000.08.04"]
[Round "5"]
[White "Broomfield,M"]
[Black "Rayner,F"]
[Result "1-0"]
[WhiteElo "2192"]
[BlackElo "2256"]

1.d4 Nf6 2.Nf3 g6 3.c4 Bg7 4.Nc3 O-O 5.e4 d6 6.Be2 e5 7.Be3 exd4 8.Nxd4 Re8
9.Qc2 Nc6 10.O-O-O Nb4 11.Qd2 Qe7 12.a3 Na6 13.f3 Nc5 14.Kb1 Nfxe4 15.fxe4 Nxe4
16.Nxe4 Qxe4+ 17.Nc2 Qxg2 18.Rdg1 Qe4 19.Bd3 Qe6 20.Re1 Bd7 21.h4 Qf6 22.Bd4 Rxe1+
23.Qxe1 Qf3 24.Be4 Qb3 25.Bxg7 Kxg7 26.Qf1 Bc6 27.Bxc6 bxc6 28.Rh3 Qb6 29.h5 h6
30.Rf3 f5 31.Rg3 Rb8 32.Rxg6+ Kh7 33.Nb4  1-0

[Event "Valoz Cup"]
[Site "Olomouc CZE"]
[Date "2000.08.04"]
[Round "4"]
[White "Nyback,T"]
[Black "Kernazhitsky,L"]
[Result "0-1"]
[WhiteElo "2162"]
[BlackElo "2410"]

1.Nf3 Nf6 2.c4 g6 3.Nc3 Bg7 4.e4 d6 5.d4 O-O 6.Be2 e5 7.O-O exd4 8.Nxd4 Re8
9.f3 Nc6 10.Be3 Nh5 11.c5 Nxd4 12.Bxd4 dxc5 13.Bxc5 Qg5 14.Nd5 Nf4 15.Nxf4 Qxc5+
16.Kh1 Bxb2 17.Nd3 Qa3 18.Nxb2 Qxb2 19.Bc4 Qf6 20.Rb1 c6 21.a4 b6 22.Qc2 Be6
23.Ba6 c5 24.a5 Rab8 25.Rb2 bxa5 26.Rxb8 Rxb8 27.Qxc5 a4 28.e5 Qf4 29.Bb5 a3
30.g3 Qd2  0-1

[Event "HZ Open"]
[Site "Vlissingen NED"]
[Date "2000.08.04"]
[Round "8"]
[White "Werle,J"]
[Black "Ernst,S"]
[Result "0-1"]
[WhiteElo "2311"]
[BlackElo "2373"]

1.Nf3 Nf6 2.c4 g6 3.Nc3 Bg7 4.e4 d6 5.d4 O-O 6.Be2 e5 7.O-O Na6 8.d5 Nc5
9.Nd2 a5 10.b3 Ne8 11.a3 f5 12.Rb1 Nf6 13.f3 Bh6 14.b4 axb4 15.axb4 Na6 16.Nb3 Bxc1
17.Nxc1 c5 18.bxc5 Nxc5 19.Nd3 b6 20.Nxc5 bxc5 21.exf5 Bxf5 22.Rb7 Nh5 23.Ne4 Ra2
24.g3 Bxe4 25.fxe4 Nf6 26.Bf3 Qc8 27.Qb1 Rd2 28.Rb2 Nxe4 29.Bxe4 Rxf1+ 30.Kxf1 Qf8+
31.Bf5 Rxb2 32.Qxb2 Qxf5+ 33.Kg1 Qf6 34.Qb8+ Kf7 35.Qb7+ Qe7 36.Qb1 Kg7 37.Qb2 Kh6
38.Qf2 Kg7 39.Qb2 Qf6 40.Qb1 h5 41.Kg2 h4 42.gxh4 Qxh4 43.Qb7+ Kh6 44.Qb8 Qf6
45.Qe8 Kg5 46.Kg3 Qf4+ 47.Kg2 e4 48.Qd8+ Qf6 49.h4+ Kf5 50.Qe8 Kf4 51.Qe6 Qb2+  0-1

[Event "TCh-ESP"]
[Site "Barcelona ESP"]
[Date "2000.08.05"]
[Round "1"]
[White "Barrero Garcia,C"]
[Black "Moreno,J"]
[Result "1/2-1/2"]
[WhiteElo "2304"]
[BlackElo "2515"]

1.Nf3 Nf6 2.c4 g6 3.Nc3 Bg7 4.e4 d6 5.d4 O-O 6.Be2 e5 7.d5 a5 8.Bg5 h6 9.Bh4 Na6
10.O-O Qe8 11.Nd2 Bd7 12.a3 Nh7 13.b3 Bf6 14.Bxf6 Nxf6 15.Qc2 h5 16.Qb2 c6
17.b4 axb4 18.axb4 c5 19.bxc5 Nxc5 20.Rxa8 Qxa8 21.f4 exf4 22.Rxf4 Qa7 23.Kh1 Ng4
24.h3 Ne5 25.Rf6 Ncd3 26.Qc2 Qd4 27.Rxd6 Nb4 28.Qb2 Ned3 29.Bxd3 Nxd3 30.Nf3 Qxc4
31.Qd2 Be8 32.Rd8 b5 33.d6 Bc6 34.Rxf8+ Kxf8 35.Qh6+ Ke8 36.Qg5 Qe6 37.Nxb5 Kd7
38.Nbd4 Qxd6 39.e5 Qc5 40.e6+ fxe6 41.Qxc5 Nxc5 42.Ne5+ Kd6 43.Ndxc6 g5 44.Kg1 Ne4
45.Kf1 Ng3+ 46.Kf2 Nf5 47.g3 g4 48.h4  1/2-1/2

[Event "FSIMB August"]
[Site "Budapest HUN"]
[Date "2000.08.05"]
[Round "1"]
[White "Ananchenko,I"]
[Black "Szuk,B"]
[Result "1-0"]
[WhiteElo "2276"]
[BlackElo "2355"]

1.d4 Nf6 2.c4 g6 3.Nc3 Bg7 4.e4 d6 5.Be2 O-O 6.Nf3 e5 7.dxe5 dxe5 8.Qxd8 Rxd8
9.Bg5 Re8 10.Nd5 Nxd5 11.cxd5 c6 12.Bc4 b5 13.Bb3 Bb7 14.Rc1 a5 15.a4 Ra6
16.axb5 cxb5 17.Rc7 Bc8 18.Ke2 a4 19.Rhc1 Bd7 20.Bc2 f5 21.Be3 a3 22.bxa3 Rxa3
23.Nd2 Rd8 24.Bg5 Re8 25.f3 Bf8 26.Bd3 b4 27.Rb7 f4 28.Rcc7 h6 29.Bf6 Rc3
30.Rxd7 Nxd7 31.Rxd7 b3 32.Rb7 g5 33.d6  1-0

[Event "Open"]
[Site "Chania GRE"]
[Date "2000.08.05"]
[Round "3"]
[White "Bras,E"]
[Black "Grivas,E"]
[Result "0-1"]
[WhiteElo "2143"]
[BlackElo "2499"]

1.d4 Nf6 2.Nf3 g6 3.c4 Bg7 4.Nc3 O-O 5.e4 d6 6.Be2 Nbd7 7.O-O e5 8.dxe5 dxe5
9.Qc2 c6 10.Rd1 Qc7 11.b3 Re8 12.Ba3 Bf8 13.Bxf8 Nxf8 14.Qd2 Bg4 15.Qd6 Qxd6
16.Rxd6 Kg7 17.Kf1 Bxf3 18.Bxf3 Ne6 19.Rdd1 Nd4 20.Be2 Nd7 21.Rac1 Nc5 22.f3 a5
23.Kf2 f5 24.Bd3 f4 25.Ne2 Red8 26.Nxd4 Rxd4 27.Ke2 g5 28.Bb1 Ne6 29.Rxd4 Nxd4+
30.Kd2 h5 31.h3 g4 32.fxg4 hxg4 33.hxg4 Rh8 34.Rg1 Rh4 35.g5 Rg4 36.Bd3 Nf3+
37.gxf3 Rxg1 38.a4 Kg6 39.Be2 Kxg5 40.Kc3 c5  0-1

[Event "Scandic Hotels GM"]
[Site "Stockholm SWE"]
[Date "2000.08.05"]
[Round "8"]
[White "Tella,J"]
[Black "Matros,A"]
[Result "0-1"]
[WhiteElo "2428"]
[BlackElo "2425"]

1.d4 Nf6 2.c4 g6 3.Nc3 Bg7 4.e4 d6 5.Nf3 O-O 6.Be2 Na6 7.O-O e5 8.d5 Nc5
9.Nd2 a5 10.Qc2 Ne8 11.a3 a4 12.b4 axb3 13.Nxb3 b6 14.a4 f5 15.f3 Nf6 16.Bd2 Bd7
17.Nxc5 bxc5 18.a5 Ra6 19.Ra3 f4 20.Nd1 h5 21.Nf2 g5 22.h3 Bh6 23.Rb1 Kh7
24.Rb7 Rg8 25.Qb2 Bc8 26.Rb8 Nd7 27.Rbb3 Bf8 28.Bd1 Be7 29.Be1 Kg6 30.Kf1 Kf7
31.Rd3 Nf6 32.Rdb3 Qf8 33.Qb1 Qg7 34.Rb8 Ra7 35.Be2 Nd7 36.Rb2 Qg6 37.Bd1 g4
38.hxg4 Bh4 39.Nd3 Bxe1 40.gxh5 Qxh5 41.Nxe1 Qh1+ 42.Kf2 Ra8 43.Qd3 Ba6 44.Ba4 Nf6
45.Bb5 Rg3 46.Qf1 Nxe4+ 47.Ke2 Qh5 48.Bxa6 Rxa6 49.Rb7 Rh3 50.Rxc7+ Kf6 51.Kd3 Qg6
52.Kc2 Rh1 53.Qe2 Ng3+ 54.Qd3 Rxe1 55.Qxg6+ Kxg6 56.Rc6 Re2+ 57.Kc1 Ra7 58.Rxd6+ Kg5
59.a6 Nf5  0-1

[Event "TCh-ESP"]
[Site "Barcelona ESP"]
[Date "2000.08.06"]
[Round "2"]
[White "Gomez Esteban,J"]
[Black "Comas Fabrego,L"]
[Result "1/2-1/2"]
[WhiteElo "2516"]
[BlackElo "2516"]

1.d4 Nf6 2.c4 g6 3.Nc3 Bg7 4.e4 d6 5.Nf3 O-O 6.Be2 Na6 7.O-O e5 8.Rb1 c6
9.d5 Nc5 10.Bg5 cxd5 11.cxd5 h6 12.Bxf6 Bxf6 13.b4 Nd7 14.Nb5 Be7 15.Qc2 a6
16.Nc7 Rb8 17.a4 Nf6 18.b5 Nxe4 19.bxa6 Nc5 20.a7 Bf5 21.axb8=Q Qxb8 22.Qd2 Bxb1
23.Ne6 fxe6 24.Rxb1 Kg7 25.dxe6 Nxe6 26.Bc4 Nc5 27.Bd5 Qc8 28.a5 Qf5 29.Rb5 e4
30.Ne1 Bg5 31.Qd4+ Bf6 32.Qd2 Bg5 33.Qd4+ Bf6 34.Qd2 Bh4 35.g3 Bg5 36.Qd4+ Bf6
37.Qd2 Qd7 38.Rb4 Re8 39.Nc2 Re7 40.Ne3 h5 41.Qc2 Bg5 42.Qc3+ Bf6 43.Qc2 Bg5
44.Qc3+ Bf6 45.Qc2 Bg5 46.Qc3+ Bf6 47.Qc2  1/2-1/2

[Event "Proclient Cup"]
[Site "Olomouc CZE"]
[Date "2000.08.07"]
[Round "8"]
[White "Szymanski,M"]
[Black "Pisk,P"]
[Result "0-1"]
[WhiteElo "2325"]
[BlackElo "2400"]

1.c4 Nf6 2.Nc3 g6 3.d4 Bg7 4.e4 d6 5.Nf3 O-O 6.Be2 Na6 7.O-O e5 8.Bg5 h6
9.Bh4 Qe8 10.Bxf6 Bxf6 11.c5 Be6 12.d5 Bc8 13.Bxa6 bxa6 14.c6 Rb8 15.Rb1 Bd8
16.b4 f5 17.Nd2 Bg5 18.Qe2 Qf7 19.f3 h5 20.a4 Qh7 21.b5 Qh6 22.Nc4 h4 23.Kh1 a5
24.Nxa5 Bd2 25.Qd3 h3 26.g3 fxe4 27.fxe4 Bg4 28.Nc4 Bxc3 29.Qxc3 Be2 30.Rxf8+ Qxf8
31.Kg1 Bxc4 32.Qxc4 Qf3 33.Qf1 Qxe4 34.Re1 Qxa4 35.Qxh3 Qd4+ 36.Kh1 Qxd5+
37.Kg1 Rf8 38.Rf1 Qc5+ 39.Kh1 Qd5+ 40.Kg1 Qd4+ 41.Kh1 Rxf1+ 42.Qxf1 e4 43.Qh3 Qd1+
44.Kg2 Qf3+ 45.Kg1 e3 46.Qe6+ Kf8 47.Qc8+ Kg7 48.Qd7+ Kh6 49.Qh3+ Kg5  0-1

[Event "TCh-ESP"]
[Site "Barcelona ESP"]
[Date "2000.08.08"]
[Round "4"]
[White "Acebal Muniz,A"]
[Black "Fernandez,Eri"]
[Result "1/2-1/2"]
[WhiteElo "2253"]
[BlackElo "2277"]

1.Nf3 g6 2.c4 Bg7 3.d4 Nf6 4.Nc3 O-O 5.e4 d6 6.Be2 e5 7.dxe5 dxe5 8.Qxd8 Rxd8
9.Bg5 Rf8 10.Nd5 Nxd5 11.cxd5 c6 12.Bc4 b5 13.Bb3 Bb7 14.Rd1 c5 15.O-O Nd7
16.Rc1 Rfe8 17.Be3 Bf8 18.Nd2 Bd6 19.Bd1 f5 20.f3 Rac8 21.b3 a6  1/2-1/2

[Event "TCh-ESP"]
[Site "Barcelona ESP"]
[Date "2000.08.09"]
[Round "5"]
[White "Oms Pallise,J"]
[Black "Moreno,J"]
[Result "1-0"]
[WhiteElo "2430"]
[BlackElo "2515"]

1.d4 Nf6 2.c4 g6 3.Nc3 Bg7 4.e4 d6 5.Be2 O-O 6.Nf3 e5 7.O-O Na6 8.Re1 c6
9.Bf1 Bg4 10.d5 cxd5 11.cxd5 Ne8 12.Be2 Bd7 13.Bg5 f6 14.Bh4 h5 15.h3 Bh6
16.Nd2 Rc8 17.Kh1 Nc5 18.Rf1 Rf7 19.Rc1 Bg5 20.Bg3 f5 21.f4 exf4 22.Bxf4 Bxf4
23.Rxf4 Nf6 24.exf5 Bxf5 25.b4 Na6 26.a3 Qe7 27.Nc4 Nc7 28.Bd3 Nce8 29.Bxf5 gxf5
30.Qd4 Ng7 31.Rcf1 b6 32.R1f2 Qd7 33.Ne3 Nh7 34.Ne2 Rcf8 35.Ng3 Ng5 36.Qd3 Ne4
37.Nxe4 fxe4 38.Qxe4 Rxf4 39.Rxf4 Rxf4 40.Qxf4 Qe7 41.Kh2 Ne8 42.Nf5 Qf6
43.Qf3 Qe5+ 44.Qg3+ Kf7 45.Qxe5 dxe5 46.Kg3 Kf6 47.Ne3 Nd6 48.Kh4 b5 49.Kxh5 Nc4
50.Nc2 Kf5 51.g4+ Ke4 52.g5 Nd6 53.g6 Ne8 54.Kh6 Kxd5 55.g7 Nf6 56.Kg6 Ng8
57.h4 Ke6 58.h5 Ne7+ 59.Kh7 Kf7 60.Ne3 e4 61.Nf5 Ng8 62.Nh6+  1-0

[Event "TCh-ESP"]
[Site "Barcelona ESP"]
[Date "2000.08.10"]
[Round "6"]
[White "Molina Mansilla,R"]
[Black "Nelson,Jo"]
[Result "1/2-1/2"]
[WhiteElo "2320"]
[BlackElo "2293"]

1.d4 Nf6 2.c4 g6 3.Nc3 Bg7 4.e4 d6 5.Nf3 O-O 6.Be2 e5 7.dxe5 dxe5 8.Qxd8 Rxd8
9.Bg5 c6 10.Nxe5 Re8 11.O-O-O Na6 12.f4 Nc5 13.Bf3 h6 14.Bh4 g5 15.Bf2 Ne6
16.g3 gxf4 17.gxf4 Nxf4 18.Be3 Nh3 19.Nd3 Ng4 20.Rde1 Nxe3 21.Rxe3 Bd4 22.Ree1 Be6
23.e5 Bxc4 24.Re4 Bxc3 25.Rxc4 Bxe5 26.Rg4+ Bg7 27.Rf1 Rad8 28.Nc5 Ng5 29.Bd1 Rd5
30.Na4 b5 31.Nc3 Rc5 32.h4 Ne6 33.Kb1 Kf8 34.Bb3 Bxc3 35.bxc3 Rxc3 36.Rg6 Nd8
37.Rxh6 Rg3 38.Rd6 a5 39.Rd7 Rg7 40.a3 Ne6 41.Rf6 Re7 42.Bxe6 Rxe6 43.Rxe6 fxe6
44.Rd6  1/2-1/2

[Event "TCh-ESP"]
[Site "Barcelona ESP"]
[Date "2000.08.11"]
[Round "7"]
[White "Rebole Arbea,I"]
[Black "Munoz Perez,I"]
[Result "0-1"]
[WhiteElo "2125"]
[BlackElo "2208"]

1.d4 Nf6 2.c4 g6 3.Nc3 Bg7 4.e4 d6 5.Nf3 O-O 6.Be2 Nbd7 7.O-O e5 8.d5 Nc5
9.Nd2 a5 10.Rb1 Bh6 11.Qc2 Ne8 12.Nb3 Bxc1 13.Rbxc1 Nxb3 14.Qxb3 f5 15.f3 f4
16.c5 dxc5 17.d6+ Kg7 18.dxc7 Nxc7 19.Rfd1 Qf6 20.Na4 Ne6 21.Nb6 Rb8 22.Rd6 Nd4
23.Rxf6 Nxb3 24.axb3 Rxf6 25.Nd5 Rd6 26.Rxc5 b6 27.Rc7+ Kh6 28.Re7 Be6 29.Nf6 Rf8
30.Ne8 Rd8 31.Bb5 Bxb3 32.h4 Rd1+ 33.Kh2 Rd2 34.Kh3 Rxb2 35.Bd7 Rf7 36.g4 fxg3
37.Rxf7 Bxf7 38.Kxg3 Rb4 39.Nf6 Kg7 40.Ng4 a4  0-1

[Event "TCh-ESP"]
[Site "Barcelona ESP"]
[Date "2000.08.11"]
[Round "7"]
[White "Ubilava,E"]
[Black "Vassallo,M"]
[Result "1-0"]
[WhiteElo "2532"]
[BlackElo "2431"]

1.d4 g6 2.c4 Bg7 3.Nf3 d6 4.Nc3 Nf6 5.e4 O-O 6.Be2 e5 7.Be3 c6 8.dxe5 dxe5
9.Nd2 Qe7 10.a3 Na6 11.Qc2 Ng4 12.Bxg4 Bxg4 13.O-O Rfd8 14.h3 Be6 15.b4 Qf8
16.Rfd1 Bh6 17.Bxh6 Qxh6 18.Ne2 Qf8 19.Nb3 b6 20.Qc3 Rxd1+ 21.Rxd1 Rd8 22.Rd3 Nb8
23.Nbc1 Rd7 24.Rxd7 Nxd7 25.Nd3 Qd6 26.c5 bxc5 27.bxc5 Qb8 28.Qb4 Qc8 29.Nc3 Qa6
30.Nxe5 Nxe5 31.Qb8+ Bc8 32.Qxe5 Qxa3 33.Ne2 Qa6 34.Nd4 Bd7 35.Qb8+ Kg7 36.Kh2 Qd3
37.Qe5+ Kg8 38.f4 Qe3 39.Qb8+ Kg7 40.Qe5+ Kg8 41.Qb8+ Kg7 42.Qd6 Bxh3 43.Qe5+ Kg8
44.Nxc6 Bxg2 45.Kxg2 Qe2+ 46.Kg3 Qe3+ 47.Kg4 Qf2 48.f5 Qg2+ 49.Kh4 Qf2+ 50.Kh3 Qf3+
51.Kh4 Qf2+ 52.Qg3 Qxc5 53.Ne5 Qb4 54.Ng4 Kf8 55.Qd3 gxf5 56.exf5 Qe1+ 57.Kh3 Qh1+
58.Kg3 Qg1+ 59.Kf3 Qh1+ 60.Kf4 Qc1+ 61.Ne3 Qc7+ 62.Kg4 Ke8 63.Nd5 Qd6 64.Qc4 Kd8
65.Nf4 Ke7 66.Qe4+ Kf8 67.Nd5 a5 68.Qd4 Ke8 69.Qc4 Kd8 70.Qb5 a4 71.Qa5+ Kd7
72.Qxa4+ Kd8 73.Qa8+  1-0

[Event "TCh-ESP"]
[Site "Barcelona ESP"]
[Date "2000.08.11"]
[Round "7"]
[White "Del Rio Angelis,S"]
[Black "Comas Fabrego,L"]
[Result "1/2-1/2"]
[WhiteElo "2467"]
[BlackElo "2516"]

1.d4 Nf6 2.c4 g6 3.Nc3 Bg7 4.e4 d6 5.Nf3 O-O 6.Be2 e5 7.O-O Na6 8.d5 Nc5
9.Qc2 a5 10.Bg5 h6 11.Be3 b6 12.Nd2 Bg4 13.h3 Bd7 14.b3 Nh7 15.a3 f5 16.b4 Na6
17.b5 Nc5 18.Bxc5 dxc5 19.Nf3 Qe7 20.Rad1 Qd6 21.Nh2 Nf6 22.Kh1 h5 23.Nf3 Nh7
24.Nh2 f4  1/2-1/2

[Event "TCh-ESP"]
[Site "Barcelona ESP"]
[Date "2000.08.11"]
[Round "7"]
[White "Acebal Muniz,A"]
[Black "Colls Gelaberto,E"]
[Result "1/2-1/2"]
[WhiteElo "2253"]
[BlackElo "2277"]

1.Nf3 Nf6 2.c4 g6 3.Nc3 Bg7 4.e4 d6 5.d4 O-O 6.Be2 e5 7.dxe5 dxe5 8.Qxd8 Rxd8
9.Bg5 c6 10.Nxe5 Re8 11.O-O-O Na6 12.f4 Nc5 13.Bf3 h6 14.Bxf6 Bxf6 15.Nd3 Bd4
16.Nxc5 Bxc5 17.Rhe1 Be6 18.b3 a5 19.Kb2 Bb4 20.Re3 Red8 21.Rxd8+ Rxd8 22.Kc2 a4
23.Rd3 axb3+ 24.axb3 Ra8 25.Kb2 Ba3+ 26.Kb1 Kf8 27.Ne2 Ke7 28.Nd4 Bd7 29.Rd2 Bc5
30.Ne2 h5 31.Nd4  1/2-1/2

[Event "ch-GBR"]
[Site "Millfield ENG"]
[Date "2000.08.11"]
[Round "11"]
[White "Simutowe,A"]
[Black "Buckley,S"]
[Result "1-0"]
[WhiteElo "2322"]
[BlackElo "2237"]

1.d4 Nf6 2.c4 g6 3.Nc3 Bg7 4.e4 d6 5.Be2 O-O 6.Nf3 e5 7.Be3 Ng4 8.Bg5 f6
9.Bh4 Nc6 10.dxe5 dxe5 11.h3 Nh6 12.Qd5+ Kh8 13.O-O-O Qe7 14.Qd2 Ng8 15.Nd5 Qf7
16.Kb1 Nd8 17.g4 c6 18.Ne3 Ne6 19.Bg3 Nc5 20.Qc2 Be6 21.h4 b5 22.g5 bxc4
23.Bxc4 Rfd8 24.Rxd8 Rxd8 25.gxf6 Bxf6 26.Nxe5 Qg7 27.N3g4 Bxg4 28.Nxg4 Re8
29.Bxg8 Nxe4 30.Nxf6 Qxf6 31.Bb3 Qf3 32.Rd1 Nxg3 33.fxg3 Qxg3 34.Qxc6 Qe5
35.h5 gxh5 36.Bc2 Rb8 37.b3 a5 38.Qh6 Qg7 39.Qxh5 a4 40.Rh1 axb3 41.axb3 Kg8
42.Bxh7+ Kh8 43.Bg6+ Kg8 44.Qd5+  1-0

[Event "Lost Boys Open"]
[Site "Amsterdam NED"]
[Date "2000.08.12"]
[Round "2"]
[White "Lorscheid,G"]
[Black "Kottke,M"]
[Result "1-0"]
[WhiteElo "2306"]
[BlackElo "2228"]

1.d4 Nf6 2.c4 g6 3.Nc3 Bg7 4.e4 d6 5.Be2 O-O 6.Nf3 e5 7.d5 a5 8.Nd2 c6 9.h4 cxd5
10.cxd5 h5 11.O-O Na6 12.Nc4 b5 13.Nxb5 Nxe4 14.Be3 Nac5 15.Nbxd6 Qxh4 16.Nb6 Ba6
17.Nxa8 Rxa8 18.Nxe4 Nxe4 19.Bxa6 Rxa6 20.Qa4 Bf6 21.Rac1 Rd6 22.Rc4  1-0

[Event "Lost Boys Open"]
[Site "Amsterdam NED"]
[Date "2000.08.12"]
[Round "2"]
[White "Van der Werf,M"]
[Black "Rebers,E"]
[Result "1-0"]
[WhiteElo "2429"]
[BlackElo "2257"]

1.d4 d6 2.c4 Nd7 3.Nc3 e5 4.Nf3 Ngf6 5.e4 g6 6.Be2 Bg7 7.O-O O-O 8.Be3 Ng4
9.Bg5 f6 10.Bh4 c6 11.Qc2 Qe8 12.d5 c5 13.a3 a6 14.Ne1 f5 15.Bxg4 fxg4 16.b4 Bh6
17.Qe2 b5 18.cxb5 axb5 19.Nc2 Rb8 20.Ne3 Nb6 21.bxc5 dxc5 22.d6 Rf4 23.Ncd5 g5
24.Bg3 Bg7 25.Ne7+ Kh8 26.N3f5 Bxf5 27.Nxf5 Bf6 28.Rab1 Nc4 29.a4 Rxf5 30.exf5 Nxd6
31.axb5 Nxf5 32.Qxg4 Nd4 33.Qe4 Rxb5 34.Rxb5 Qxb5 35.Rb1 Qe8 36.Rb7 Qg6 37.Qxg6 hxg6
38.Kf1 e4 39.Rf7 Bg7 40.Rc7 Nb3 41.Ke2 Bd4 42.h3 Nc1+ 43.Kd2 Nd3 44.f3 exf3
45.gxf3 Nb4 46.Bd6 Nd5 47.Rc8+ Kg7 48.Bxc5 Bxc5 49.Rxc5 Nf6 50.Rxg5 Nh7 51.Rg4 Kf6
52.Ke3 Ng5 53.Rf4+ Ke7 54.Ra4 Ne6 55.Ra6 Kf7 56.Rb6 Nf8 57.Kf4 Kg7 58.Ra6 Kh6
59.Ra7 Ne6+ 60.Ke5 Ng7 61.Ra1 Nh5 62.Rg1 Kg7 63.Rg4 Kf7 64.Rh4 Kg7 65.Ke6 Ng3
66.Rg4 Nf1 67.Ra4 Ng3 68.Ra5 Kh6 69.Kf7 Nh5 70.Rb5 Nf4 71.Kf6 Nh5+ 72.Ke5 Ng3
73.Rb2 Nh5 74.Rg2 Kg7 75.Rg1 Kf7 76.Rg4 Nf6 77.Rf4  1-0